[Event "Sinquefield Cup 4th"]
[Site "Saint Louis"]
[Date "2016.08.13"]
[Round "2"]
[White "Aronian, Levon"]
[Black "Svidler, Peter"]
[Result "1-0"]
[WhiteElo "2792"]
[BlackElo "2751"]
[Annotator "Iotov,V"]
[PlyCount "107"]
[EventDate "2016.08.05"]
[EventType "tourn"]
[EventRounds "9"]
[EventCountry "USA"]
[EventCategory "22"]
[SourceTitle "CBM 174"]
[Source "ChessBase"]
[SourceDate "2016.09.13"]
[SourceVersion "1"]
[SourceVersionDate "2016.09.13"]
[SourceQuality "1"]

1. d4 d5 2. c4 c6 3. Nc3 Nf6 4. e3 a6 5. Nf3 b5 ({The more popular alternative
is:} 5... e6 $142 6. b3 Bb4 7. Bd2 $14) 6. b3 (6. c5 {An interesting
alternative, and my personal weapon against this variation.}) 6... Bg4 7. Qd2
$5 {A rare line which forces Black onto a narrow path! Some of the other
alternatives are: 7.Bd2, 7.h3, 7.Be2, and 7.Qc2.} (7. Qc2 e6 (7... Bxf3 $5 8.
gxf3 Nbd7 9. Bb2 e6 10. Bd3 $14) 8. Ne5 Bf5 9. Bd3 Bxd3 10. Nxd3 bxc4 (10...
Bd6 $6 11. c5 Be7 12. a4 bxa4 13. Rxa4 O-O 14. O-O Qc7 15. Bd2 Nbd7 16. Rfa1 e5
17. Rxa6 Rxa6 18. Rxa6 e4 19. Nf4 g5 20. Nfe2 Ng4 21. g3 $16 {1/2-1/2 Peralta,
F (2587)-Himanshu,S (2437)/Badalona ESP 2016}) 11. bxc4 dxc4 12. Ne5 Nbd7 13.
O-O Qc7 14. Nxd7 Nxd7 15. Ne4 Nb6 16. Rb1 Be7 17. Nd2 O-O 18. Nxc4 Nxc4 19.
Qxc4 $14 {1-0 Bacrot,E (2720)-Laznicka,V (2676)/Tromso NOR 2014}) 7... Nbd7 ({
More of a "timid" option that leads to a more comfortable position with the
intent to make a draw.} 7... Bxf3 8. gxf3 Nbd7 9. Bb2 e6 10. c5 a5 11. a4 b4
12. Ne2 g6 13. Nf4 Qc7 14. Nd3 Nh5 15. f4 Be7 16. O-O-O Bh4 17. Be2 Ng7 18. Kb1
f5 19. Ka2 Nf6 20. f3 Nd7 21. Rdg1 Nh5 {1/2-1/2 Aronian,L (2750)-Karjakin,S 
(2706)/Nice FRA 2009}) 8. Ne5 $1 Nxe5 9. dxe5 Nd7 $8 (9... Ne4 10. Nxe4 dxe4
11. Qc2 e6 12. Bd2 {[%csl Rc6,Re4][%cal Gc2c6]} Rc8 13. Be2 $1 Bxe2 14. Kxe2
Qh4 15. h3 $16) 10. cxd5 cxd5 11. Qxd5 (11. Nxd5 Nxe5 12. Nb4 Qa5 13. Nd3 Qxd2+
14. Bxd2 Nxd3+ 15. Bxd3 e5 16. Be4 Rb8 17. O-O Ba3 $1 $132) 11... e6 12. Qd4 h5
$1 {[%csl Yd1,Re2,Gg4][%cal Gg4d1,Ga1d1,Gf1e2] Retaining the bishop on the
very active g4-square from where it denies both Be2 and Rd1 ideas!} (12... Bf5
$6 13. Bb2 Bc5 14. Qf4 O-O 15. g4 Bg6 16. Bg2 $16 {with a clear advantage for
White due the extra pawn, spatial advantage, and more active pieces.}) 13. Bd2
$6 {Quite an awkward positioning for this bishop. Usually, it is Black to play
...Bb4 and return to e7 only to force such a move. The bishop on d2 closes the
d-file, does not protect e5, and ultimately fails to control a3 - thus
allowing Black to potentially take control of the c-file.} (13. Bb2 $142 Bc5
14. Qd2 Nxe5 15. Qxd8+ Rxd8 16. f3 Bf5 (16... Nxf3+ 17. gxf3 Bxf3 18. Rg1 Bg4
19. Ne4 Bxe3 20. Rg3 Bh6 21. Rd3 $16) 17. e4 Bh3 $1 (17... Bg6 $6 18. Nxb5 $16)
18. Rd1 Bxg2 19. Bxg2 Nd3+ 20. Rxd3 Rxd3 21. Ke2 Rd8 22. f4 $14) 13... Qb8 ({
Leading to some quite interesting complications was the more logical:} 13...
Bc5 $5 14. Qf4 g5 15. Qg3 Bb4 16. Rc1 $13 {I am not sure that even the engine
knows what exactly is happening in this position.} Rc8 17. e4 Nc5 18. f3 h4 $5
19. Qxg4 Rg8 {[%csl Re1][%cal Gc5d3,Gb4c3,Gc8c3]} 20. g3 Nd3+ 21. Bxd3 Qxd3 22.
gxh4 Rxc3 23. Bxc3 Bxc3+ 24. Rxc3 Qxc3+ 25. Ke2 Qxe5 26. Qg3 Qb2+ 27. Ke3 Qc3+
28. Ke2 Qb2+ $11) 14. Ne4 Qxe5 15. a4 Bf5 16. Ng3 (16. Bd3 Qxd4 17. exd4 bxa4
18. Rxa4 Nb6 19. Ra1 Be7 20. f3 O-O $11) 16... Bc2 17. axb5 h4 18. Ne2 Qxb5 19.
Qc3 Bh7 20. Nd4 Qb7 21. h3 $5 {[%csl Gh3,Rh4][%cal Yh4h3] A necessary move.} (
21. Be2 Bd6 22. h3 $11 (22. O-O $6 h3 $15)) 21... Be7 (21... Bd6 $5 {The more
active option. Black attempts to utilize the weakness on g3 caused by h3.} 22.
Be2 Be4 23. f3 Bg3+ 24. Kf1 e5 25. fxe4 exd4 26. exd4 Nf6 27. Bf3 Nxe4 28. Qd3
f5 29. Bxe4 fxe4 30. Qc4 Qd7 $5 $13 {and again - with a crazy computer
position. No wonder this did not happened in the game!}) 22. Be2 O-O 23. Bf3 (
23. Qc6 $5 $11) 23... Be4 24. Bxe4 Qxe4 25. Qc6 Nc5 26. Qxe4 Nxe4 $15 27. Nc6
Bc5 {[%csl Rc5,Ye3][%cal Gc5e3]} (27... Bf6 $142 {[%csl Ya1,Gh4][%cal Gf6h4,
Gf6a1] It makes more sense to me to have the bishop on this diagonal, though
it doesn't make a huge difference. Then again, the devil's in the details!} 28.
Rc1 a5 29. Rc4 Rfc8 30. Ke2 Nxd2 31. Kxd2 Rc7 32. Rhc1 Rb7 33. Rc5 Rxb3 34.
Nxa5 Rb2+ 35. R1c2 Rxc2+ 36. Kxc2 $11) 28. Ra4 Nxd2 29. Kxd2 Rfc8 30. Na5 Be7
31. Rc1 Rxc1 32. Kxc1 Rc8+ 33. Rc4 Rxc4+ 34. Nxc4 g5 (34... f6 $142 {[%csl Ye5]
[%cal Gc4e5] Getting the king to the center as soon as possible should always
be a prioroty in such endgames!} 35. Kd2 Kf7 36. Kd3 Ke8 $11) 35. Kd2 f5 36.
Ne5 Bd6 37. Nf3 Be7 38. Ne5 Bd6 39. Nf3 Be7 40. Kd3 Kg7 41. Ne5 Bb4 $2 {
An expected mistake caused by Svidler's hasty mentality in this endgame.} ({
Black should have forced the White knight away from e5, and only then proceed
as planned.} 41... Bd6 $1 {[%csl Ye5]} 42. Nd7 Bb4 43. Kc4 Be1 {Now, there are
no more Nd3 options to save the day!} 44. f3 Bf2 45. e4 fxe4 46. fxe4 a5 47.
Kb5 Be1 $11 {[%csl Ra5,Gd7,Ge1,Re4][%cal Gg7e5] White cannot improve his
position due his highly weakened kingside.}) 42. Kc4 a5 (42... Be1 43. Nd3 Bd2
44. Nc5 $18) 43. Kb5 Kf6 44. Nc4 Be1 $4 {The second and final mistake in this
game! The better option was:} (44... f4 $1 45. e4 (45. exf4 Be1 $1 46. f3 Kf5
47. fxg5 Kxg5 48. Ne5 Kf5 49. Nd3 Bd2 $132) 45... f3 $3 {Creating a path for
the black king to the kingside!} 46. gxf3 Bc3 47. Kb6 Bb4 48. Kc6 Be1 49. Kd7
Bxf2 50. Nxa5 Ke5 $11) 45. f3 {Game over! Black has now zero chances of ever
getting his king anywhere close to White's kingside pawns.} g4 46. Nxa5 gxh3
47. gxh3 $18 {[%csl Yd4,Ge3,Ye4,Gf3,Yf4,Rf6,Yg4]} Ke5 48. Nc4+ Kd5 49. Nb6+ Kd6
50. Kc4 Kc6 51. Na4 Bf2 52. e4 fxe4 53. fxe4 Kd6 54. Nb2 {Overall, a very
unfortunate ending to a decent game. A good game by Aronian!} 1-0

[Event "RUS-Cup2"]
[Site "Moscow"]
[Date "1996.??.??"]
[Round "6"]
[White "Kharitonov, Andrei Y"]
[Black "Komliakov, Viktor"]
[Result "1/2-1/2"]
[WhiteElo "2540"]
[BlackElo "2450"]
[Annotator "Kharitonov,A"]
[PlyCount "67"]
[EventDate "1996.11.28"]
[EventType "swiss"]
[EventRounds "9"]
[EventCountry "RUS"]
[SourceTitle "CBM 056 Extra"]
[Source "ChessBase"]
[SourceDate "1997.03.01"]
[SourceVersion "1"]
[SourceVersionDate "1997.03.01"]
[SourceQuality "1"]

1. d4 d5 2. c4 c6 3. Nf3 Nf6 4. Nc3 a6 5. Ne5 Nbd7 (5... b5 6. cxd5 cxd5 7. g3
Bb7 8. Bg2 e6 9. O-O Be7 10. Bf4 Nc6 11. Rc1 Qb6 $2 (11... Rc8 $10) 12. e4 $1
$16 {Lalic,B-Hodgson,J/Hastings/1995/0.5/41/}) (5... dxc4 6. a4 Be6 $6 7. e4
Nbd7 8. Nxc4 Bxc4 9. Bxc4 b5 10. axb5 axb5 11. Rxa8 Qxa8 12. Bd3 e5 13. O-O $1
$16 {Baburin,A-Giorgadze,G/Ubeda/1996/0.5/31/}) 6. Bf4 Nxe5 $5 {N/} (6... e6 7.
e3 Nxe5 (7... Be7 8. Bd3 Nxe5 9. Bxe5 O-O 10. O-O dxc4 11. Bxc4 b5 12. Bb3 Bb7
13. Qc2 $14 {Beliavsky,A-Simic,R/YUG/1996/1:0/53/}) 8. Bxe5 Bd6 9. Bxd6 Qxd6
10. c5 Qc7 11. f4 b6 12. cxb6 Qxb6 13. Qd2 $14 {Gurevich,M-Seul,G/Bad
Godesberg/1995/1:0/50/}) 7. dxe5 d4 $6 (7... Nh5 $6 8. Be3 dxc4 9. Qxd8+ Kxd8
10. Bb6+ Ke8 11. O-O-O $16) (7... Ne4 $5 8. Nxe4 dxe4 9. Qxd8+ Kxd8 10. O-O-O+
Ke8 (10... Bd7 $2 11. e6) 11. Rd4 Bf5 12. e3 e6 13. Be2 Bc5 14. Rd2 Bb4 $10) 8.
exf6 dxc3 9. Qxd8+ Kxd8 10. fxe7+ Bxe7 11. bxc3 Bf6 12. Rc1 $1 $14 a5 $5 13. e4
(13. a4 $6 c5) 13... a4 14. Be2 Re8 15. f3 Be6 16. Kf2 (16. a3 $6 Be7 17. Ra1
Bc5) 16... a3 $5 17. Rc2 Kc8 (17... Be7 $5) 18. Bd6 $1 Bd8 (18... Be7 19. c5
$14) 19. Rb1 $6 (19. Rd1 Bc7 20. c5) 19... Bc7 20. Bxc7 $2 (20. c5 $5 $14)
20... Kxc7 21. g4 (21. f4 f6 {/\Bf7-g6,Re7,Rae8}) 21... Ra5 {/\Rc5(><c4),/\h5}
22. h4 f6 {/\23...h5} 23. h5 (23. f4 $6) 23... h6 24. Rd2 Raa8 25. Ke3 c5 $10
26. Rb3 Bd7 $5 27. Kf4 (27. Rxb7+ $2 Kxb7 28. Rxd7+ Ka6 29. Rxg7 Rab8 {/\Rb2})
27... b6 28. Bf1 Bc6 29. Bd3 (29. Kf5 Re7 $1 (29... Re5+ $2 30. Kg6 Rg5+ 31.
Kh7 $16) 30. Kg6 Ba4 $1 31. Rb1 Rh8 {/\Be8=}) 29... Bd7 30. Re2 Red8 31. Re3 $6
(31. Rd2 {/\Ke3=}) 31... Be6 {/\32...Rd3 33.Rd3 Bc4} 32. Rb1 Rd6 33. Bf1 (33.
e5 $6 fxe5+ 34. Kxe5 Rf8 $17) 33... Rd2 34. Ra1 $8 (34. Re2 $2 Rad8 $17) (34.
Ra1 Rad8 35. e5 fxe5+ 36. Rxe5 R8d6 37. Re2 $1 Rxe2 38. Bxe2 Rd2 39. Ke3 Rc2 (
39... Rb2 40. Bd3) 40. Kd3 Rb2 41. Bd1 $10) 1/2-1/2

[Event "RUS-Cup2"]
[Site "Moscow"]
[Date "1996.??.??"]
[Round "7"]
[White "Rychagov, Andrey"]
[Black "Volkov, Sergey"]
[Result "1-0"]
[WhiteElo "2375"]
[BlackElo "2485"]
[Annotator "Kharitonov,A"]
[PlyCount "101"]
[EventDate "1996.11.28"]
[EventType "swiss"]
[EventRounds "9"]
[EventCountry "RUS"]
[SourceTitle "CBM 056 Extra"]
[Source "ChessBase"]
[SourceDate "1997.03.01"]
[SourceVersion "1"]
[SourceVersionDate "1997.03.01"]
[SourceQuality "1"]

1. d4 d5 2. c4 c6 3. Nf3 Nf6 4. Nc3 a6 5. c5 Nbd7 6. Bf4 Nh5 (6... g6 7. h3 Bg7
8. e3 O-O 9. Be2 (9. Rc1 Ne4 $6 10. Nxe4 dxe4 11. Nd2 e5 12. dxe5 Nxe5 13. Nxe4
Qa5+ 14. Qd2 Qxa2 15. Be2 $14 {Sakaev,K-Simic,R/Belgrade/1996/1:0/33/}) 9...
Ne4 $5 (9... Ne8 10. O-O Nc7 11. Bg3 e5 $6 12. dxe5 Nxc5 13. Rc1 $14 {Bareev,
E-Tukmakov,V/Tilburg/1994/0,5/43/}) 10. O-O e5 11. Nxe5 Nxc3 12. bxc3 Nxe5 13.
Bxe5 Bxe5 14. dxe5 Re8 15. Qd4 Qe7 16. f4 f6 17. exf6 Qxe3+ 18. Rf2 Qxd4 19.
cxd4 Rf8 $14 {Bareev,E-Burmakin,V/Elista(RUS-ch)/1995/0,5/37/}) 7. Bd2 (7. e3
Nxf4 8. exf4 g6 9. Bd3 Bg7 10. Ne5 Qc7 11. h4 $2 (11. g3 $10) 11... f6 12. Nxd7
Bxd7 $17 {Tregubov,P-Ivanov,V.L./Elista(RUS-ch)/1994/}) 7... g6 (7... Qc7 8. g3
g6 9. Bg2 Bg7 10. O-O O-O 11. Bg5 Re8 12. Qd2 f6 13. Bh6 $14 {Stohl,I-Velicka,
P/CZE/1992/0,5/40/}) 8. g3 $5 {N/} (8. g4 $5 Nhf6 9. h3 Bg7 10. Bf4 O-O 11. Bg2
{/\11...Ne8 12.e4!}) 8... Bg7 9. Bg2 O-O (9... e5 $5) 10. O-O (10. e4 $5) 10...
Re8 $6 (10... e5 $5 11. dxe5 Nxe5 12. Nxe5 Bxe5 $10) 11. e4 $5 dxe4 12. Nxe4
Ndf6 13. Nc3 Be6 (13... Bg4 14. Be3 {/\15.Qb3+/=}) 14. Re1 Bd5 15. Nxd5 Nxd5
16. Qb3 Qc7 17. Rad1 $14 a5 $5 (17... e6 $5 18. Ne5 Nhf6 19. Nc4 Rab8 20. Ba5
Qe7 $14 {/\21.Nd6?! Rf8 /\b6}) 18. Qa4 Nhf6 (18... b5 19. cxb6 Qxb6 20. Ne5 $16
) 19. Ne5 Nd7 20. Nc4 (20. Bxd5 Nxe5 21. Bf4 cxd5 22. Bxe5 Qc6 $10) 20... Bxd4
$2 (20... b5 $5 21. cxb6 N7xb6 22. Nxb6 Qxb6 $13) 21. Bxa5 Bxc5 (21... Nxc5 22.
Qa3 $18) 22. Bxd5 cxd5 23. Rxd5 Nb6 $8 24. Qb5 Qc6 (24... Bxf2+ 25. Kxf2 Qxc4
26. Bxb6 $18) (24... Rxa5 25. Qxe8+ $18) 25. Qxc6 bxc6 26. Rxc5 Nxc4 27. Bc3
Nb6 (27... Nd6 28. Rxc6 Rxa2 29. Rxd6 $18) 28. Rxc6 $18 Nd5 29. a3 Reb8 30. Re2
Rb3 (30... Nxc3 31. Rxc3 $18) 31. Bd4 f6 (31... Rd3 32. Rc4) 32. Rd2 Kf7 33.
Kf1 g5 34. Ke2 Rab8 35. Rc5 Nb6 (35... e6 36. Kd1) 36. Rc3 Na4 (36... Rb5 37.
Bxb6 R5xb6 38. b4 $18) 37. Rxb3 Rxb3 38. Rd3 Rb7 39. b3 $6 (39. b4 $18) 39...
e5 40. Be3 $6 (40. bxa4 exd4 41. Rxd4 {/\a5,Ra4} Ra7 (41... Rb2+ 42. Ke3 Ra2
43. Rd3 Rb2 44. a5 Rb5 45. a4 Rxa5 46. Ra3 $18) 42. Kd3 $18) 40... Nb2 $2 (
40... e4 $5 41. Rd4 Nc3+ 42. Kd2 Nb1+ (42... Rxb3 43. Kc2 Rxa3 44. Kb2 Nb5 45.
Rd5 Ra5 46. Bb6 $18) 43. Kc2 Nxa3+ 44. Kb2 Nb5 45. Rxe4 $16) 41. Rc3 e4 42. a4
Rd7 43. Bb6 f5 44. a5 f4 45. gxf4 gxf4 46. Rc7 Ke6 47. Rxd7 Kxd7 48. f3 exf3+
49. Kd2 $1 Kc6 50. Kc2 Na4 51. bxa4 1-0

[Event "GER-ch 70th"]
[Site "Bremen"]
[Date "1998.11.12"]
[Round "7"]
[White "Knaak, Rainer"]
[Black "Keitlinghaus, Ludger"]
[Result "1-0"]
[WhiteElo "2555"]
[BlackElo "2485"]
[Annotator "Knaak,R"]
[PlyCount "93"]
[EventDate "1998.11.06"]
[EventType "swiss"]
[EventRounds "9"]
[EventCountry "GER"]
[SourceTitle "CBM 068"]
[Source "ChessBase"]
[SourceDate "1999.02.01"]
[SourceVersion "1"]
[SourceVersionDate "1999.02.01"]
[SourceQuality "1"]

1. d4 d5 2. c4 c6 3. Nf3 Nf6 4. Nc3 a6 5. a4 e6 6. Bg5 Nbd7 7. cxd5 exd5 8. e3
Be7 9. Bd3 O-O 10. Qc2 Re8 11. O-O a5 {Damit hat Schwarz nun offensichtlich
ein Tempo verloren und man fragt sich ob dies notwendig ist, denn würde Weiß
seinerseits a4-a5 spielen?} ({Nach} 11... Nf8 {hat Weiß noch eine zweite
Option außer a4-a5:} 12. Bxf6 Bxf6 13. b4 {mit Übergang zu D36, allerdings
verspricht der frühzeitige Tausch des schwarzfeldrigen Läufers kaum Vorteil.})
12. Rfe1 Nf8 13. h3 Nh5 ({Ich hatte mehr mit} 13... Ne4 {gerechnet und wollte}
14. Bf4 {spielen.}) 14. Bxe7 Rxe7 15. Rab1 Nf6 (15... Qd6 16. e4 $14) 16. b4
axb4 17. Rxb4 $14 Ne8 18. e4 $6 dxe4 19. Nxe4 Bf5 $1 20. Reb1 Bxe4 {Der Tausch
ist eine gute Entlastung für Schwarz.} 21. Bxe4 Nd6 22. Bd3 {Die Stellung ist
etwa im Gleichgewicht, aber Schwarz muß doch mehr aufpassen, weil der Pb7
immer schwach sein wird. Und der Tausch des Pb7 gegen den Pd4 würde z.B. Weiß
klar in Vorteil bringen. Die ganze folgende Phase ist wohl davon geprägt, daß
beide Spieler auf Gewinn spielen.} Qc7 23. g3 Ra5 24. Bf1 g6 25. Qd2 Ra8 26.
Ne5 Rd8 27. Qb2 Nd7 28. Nd3 Nf6 29. Bg2 Rde8 $11 30. Qb3 Qa5 31. Nc5 Re1+ 32.
Kh2 Rxb1 33. Qxb1 Re2 34. Rb2 Re1 35. Qc2 Qc7 36. Qd2 Qe7 37. Qb4 Nd5 38. Bxd5
cxd5 39. Nd3 Ra1 40. Ne5 f6 $6 {Die Schwächung der schwarzen Königsstellung
wird nun eine entscheidende Rolle spielen.} 41. Nf3 Qd7 {Schwarz hat immernoch
Gewinnambitionen.} (41... Qe4 {scheint das Remis zu forcieren:} 42. Qxd6 Qxf3
43. Qd8+ Kg7 44. Qe7+ Kh6 45. Qe3+ Qxe3 46. fxe3 Rxa4 47. Rxb7 $11 {, aber
Weiß kann auch 42.Ng1! spielen.}) 42. Qa5 $1 {[%cal Ra5d5]} b5 $1 43. Qa8+ Kg7
44. Qxd5 Rxa4 45. Ne5 $5 Qc7 (45... fxe5 $2 46. dxe5 Ra6 47. Rd2 $16) 46. Nd3
$1 {Der Springer strebt über c5 nach e6.} Ra1 47. Re2 $16 {Die Aufgabe kommt
zu zeitig, der schwarze König ist zwar gefährdet, aber Weiß muß noch einige
genaue Züge finden.} (47. Nc5 $6 Qe7 48. Ne6+ Kh6 49. Re2 (49. Rc2 Re1 $13)
49... Qb7 $11) (47. Re2 $1 Nf5 48. Nc5 Kh6 (48... Qd6 49. Ne6+ Kh6 50. Qb7 Rf1
51. Qf3) 49. Qb3 $1 {/\ Qb2} (49. Re8) (49. Re4) 49... Qd6 (49... Qc6 50. Re4
Nd6 (50... Rc1) 51. Qe6 $18) 50. Re4 Z0 51. Qf7 Z0 52. Ne6 $18) 1-0

[Event "Halle DSV"]
[Site "Halle"]
[Date "1987.??.??"]
[Round "?"]
[White "Knaak, Rainer"]
[Black "Horvath, Csaba"]
[Result "0-1"]
[WhiteElo "2530"]
[BlackElo "2455"]
[Annotator "Knaak,R"]
[PlyCount "38"]
[EventDate "1987.10.18"]
[EventType "tourn"]
[EventRounds "13"]
[EventCountry "DDR"]
[EventCategory "10"]
[SourceTitle "CBM 005"]
[Source "ChessBase"]
[SourceDate "1988.08.01"]
[SourceVersion "1"]
[SourceVersionDate "1988.08.01"]
[SourceQuality "1"]

1. d4 d5 2. c4 c6 3. Nf3 Nf6 4. Nc3 dxc4 5. Ne5 Nbd7 6. Nxc4 b5 7. Ne3 Bb7 8.
g3 c5 9. Bg2 Bxg2 10. Nxg2 b4 11. Na4 cxd4 12. Qxd4 e5 13. Qd3 Be7 14. Ne3 e4
15. Qb5 O-O 16. Nf5 Re8 17. Bf4 $1 Bf8 18. Rc1 $4 (18. Nd6 $14) 18... a6 19.
Qb7 $2 Qa5 {[%cal Ra5a4,Ra5f5]} 0-1

[Event "DDR-ch 36th"]
[Site "Glauchau"]
[Date "1987.02.10"]
[Round "6"]
[White "Knaak, Rainer"]
[Black "Boehnisch, Manfred"]
[Result "1-0"]
[WhiteElo "2505"]
[BlackElo "2305"]
[Annotator "Knaak,R"]
[PlyCount "52"]
[EventDate "1987.02.05"]
[EventType "tourn"]
[EventRounds "13"]
[EventCountry "DDR"]
[EventCategory "6"]
[SourceTitle "EXT 2003"]
[Source "ChessBase"]
[SourceDate "2002.11.25"]
[SourceVersion "1"]
[SourceVersionDate "2002.11.25"]
[SourceQuality "1"]

{SCHACH 4/1987} 1. d4 d5 2. c4 c6 3. Nf3 Nf6 4. Nc3 a6 5. g3 b5 6. cxd5 cxd5 7.
Bg2 Bb7 8. Ne5 e6 9. Bg5 Nbd7 $2 ({Nach} 9... Be7 {wäre der weisse Vorteil nur
geringfügig.}) 10. Nxd7 Qxd7 11. Bxf6 gxf6 {Das Läuferpaar spielt keine Rolle,
da die Stellung nicht zu öffnen ist. Der Bb7 ist sogar schwach, ebenso die
Bauernstruktur.} 12. O-O f5 13. e3 Bd6 14. Rc1 Rc8 (14... O-O $142) 15. Qh5 a5
$2 {Das führt dazu, dass die Verbindung der schwarzen Türme nicht mehr
hergestellt werden kann. Dadurch erobert letztlich Weiss die c-Linie.} 16. Qh6
$1 b4 17. Ne2 Qe7 18. Rxc8+ Bxc8 19. Rc1 Kd7 20. Nf4 Qf8 21. Qh5 Bxf4 22. exf4
Qg7 23. Bxd5 $5 (23. Qd1 $1 {gewann einfacher}) 23... exd5 24. Qxf5+ Kd6 25.
Qc2 Qxd4 26. Qc7+ Ke6 (26... Ke6 {Nach} 27. Rc6+ Kf5 28. Qxf7+ Ke4 29. Qh5 {
lässt sich seine Position nicht mehr lange verteidigen.}) 1-0

[Event "Olomouc Skanska Cup"]
[Site "Olomouc"]
[Date "2004.08.13"]
[Round "10"]
[White "Lagowski, Patryk"]
[Black "Jirka, Jiri"]
[Result "1-0"]
[WhiteElo "2415"]
[BlackElo "2406"]
[Annotator "Konikowski,J"]
[PlyCount "51"]
[EventDate "2004.08.04"]
[EventType "tourn"]
[EventRounds "11"]
[EventCountry "CZE"]
[EventCategory "9"]
[SourceTitle "CBM 103"]
[Source "ChessBase"]
[SourceDate "2004.11.11"]
[SourceVersion "1"]
[SourceVersionDate "2004.11.11"]
[SourceQuality "1"]

1. d4 d5 2. c4 c6 3. Nf3 Nf6 4. Nc3 a6 5. c5 g6 6. Bf4 Nh5 7. Be5 f6 8. Bg3
Nxg3 9. hxg3 Bg7 10. e4 (10. Qb3 f5 11. e3 Nd7 12. Ng5 Nf6 13. f4 h6 14. Nf3
Ne4 15. Nxe4 fxe4 16. Ne5 Bxe5 17. dxe5 Qa5+ 18. Qc3 Qxc3+ 19. bxc3 Bg4 20. Rb1
O-O-O 21. Be2 Bxe2 22. Kxe2 h5 $11 {Dimitrov,V-Stoinev,M/Velingrad 2004/})
10... dxe4 11. Nxe4 Be6 12. Qc2 O-O $146 {[%mdl 8]} (12... Qa5+ 13. Nc3 Bf7 14.
O-O-O b6 15. Nd2 b5 16. f4 Nd7 17. Bd3 f5 18. Nf3 Rb8 19. Kb1 b4 20. Qa4 Qxa4
21. Nxa4 Bd5 22. Bc2 Bxf3 23. gxf3 e6 24. Rhe1 Kf7 25. Bb3 Rhe8 26. Re2 Re7 $11
{Gelfand,B-Shirov,A/Chalkidiki 1993/}) 13. Bc4 Bxc4 14. Qxc4+ Qd5 15. Qe2 Nd7
16. Nc3 Qf7 17. O-O-O e5 18. Kb1 b6 $2 (18... exd4 $142) 19. Ne4 h6 20. dxe5
fxe5 21. Nd6 Qe6 22. Nd4 Qf6 23. Qc4+ Kh8 24. Ne4 Qf7 25. Qxf7 Rxf7 26. Ne6 (
26. Ne6 Nxc5 27. N6xc5 bxc5 28. Rd6 $16) 1-0

[Event "Moscow Aeroflot op-A"]
[Site "Moscow"]
[Date "2004.02.19"]
[Round "3"]
[White "Rustemov, Alexander"]
[Black "Movsesian, Sergei"]
[Result "1-0"]
[WhiteElo "2585"]
[BlackElo "2639"]
[Annotator "Kortschnoj,V"]
[PlyCount "87"]
[EventDate "2004.02.17"]
[EventType "swiss"]
[EventRounds "9"]
[EventCountry "RUS"]
[SourceTitle "CBM 100"]
[Source "ChessBase"]
[SourceDate "2004.06.01"]
[SourceVersion "1"]
[SourceVersionDate "2004.06.01"]
[SourceQuality "1"]

1. d4 {Huebner,R} d5 2. c4 c6 3. Nc3 Nf6 4. Nf3 a6 5. c5 Nbd7 6. Bf4 Nh5 {
This system does not have a good reputation, but some people, including
Movsesian, play it regularly with black.} 7. e3 {Another playable move is 7.
Bd2!?} g6 {Most of the games had been played this way.} ({More subtle is the
immediate} 7... b6 {in order for white to reveal his intentions - either to
take on b6 or to play b2-b4.}) ({Very interesting is} 7... f6 $5 {played once
by J. Pinter, with the possible continuation:} 8. Bg3 e5 9. dxe5 Nxg3 10. hxg3
fxe5 11. Nh4 Qg5 {and so on.}) 8. h4 $5 {The last cry of fashon. Time ago they
preferred 8.Bd3. Now, obviously, the threat is 9.Bh2.} Nxf4 9. exf4 Bg7 10. Qd2
b6 11. cxb6 Qxb6 12. Rc1 O-O 13. Na4 Qa7 14. h5 $1 $16 {White is not in a
hurry to grab pawns.} a5 (14... gxh5 15. Bd3 $1 $16) 15. hxg6 fxg6 16. g3 Nf6
17. Nc5 Bf5 ({Or} 17... Ne4 18. Nxe4 dxe4 19. Bc4+ Kh8 20. Ne5 {and the black
position looks awful.}) 18. Bd3 e6 19. Ne5 {Huebner,R: 'Die Stellung des
Schwarzen ist offensichtlich strategisch verloren.'} Rac8 20. O-O Ng4 21. Bxf5
exf5 22. Rc3 $18 {Black is lost. White is going to win a pawn by Ra3, but
black has no defence against it.} Rfe8 $6 ({The best practical chance was} 
22... Nxe5 23. fxe5 f4) 23. Rfc1 Nxe5 24. fxe5 Bf8 25. Ra3 Rb8 26. Rxa5 Qe7 (
26... Rxb2 27. Qc3 Qc7 (27... Qb6 28. Nd7 Bb4 29. Qxb2 Qxa5 30. Nf6+ Kf8 31.
Nxe8 Ba3 32. Qb8 Bxc1 33. Nf6+ {mating.}) 28. Nb3) 27. Ra6 Rec8 28. Nd3 Qb7 29.
Qa5 Qd7 30. Ra7 Rb7 31. Rxb7 Qxb7 32. Qc3 g5 33. Kg2 h5 34. Rh1 Qf7 35. Qd2 Be7
36. Qe2 Ra8 37. e6 Qe8 38. Rxh5 Rxa2 39. g4 fxg4 40. Qxg4 Bf6 41. Ne5 Rxb2 42.
Nd7 Bg7 43. Rxg5 Qe7 44. Rf5 1-0